| 000 | 02302nam a2200409 i 4500 | ||
|---|---|---|---|
| 001 | 52705 | ||
| 003 | ES-MaCES | ||
| 005 | 20250203133353.0 | ||
| 008 | 230414s2022 uk || 000 | eng d | ||
| 020 | _a9781785788307 | ||
| 040 |
_aES-MaCES _bspa _cES-MaCES |
||
| 100 | 1 |
_940652 _aSidley, Steven Boykey |
|
| 245 | 1 | 0 |
_aBeyond Bitcoin _b: decentralised finance and the end of banks _cSteven Boykey Sidley & Simon Dingle |
| 250 | _a1st ed | ||
| 260 |
_aLondon _bIcon _c2022 |
||
| 300 |
_aXIV, 242 p. _c20 cm |
||
| 500 | _aÍndices | ||
| 520 | 3 | _aDespués de más de una década de Bitcoin, que ahora se ha movido más allá de la tradición y la exageración para convertirse en una estrella cada vez más sólida en el firmamento de los activos globales, ha surgido una pregunta nueva y más importante. ¿Qué sucede más allá de Bitcoin? La respuesta es la financiación descentralizada: 'DeFi'. Los expertos en tecnología y finanzas Steven Boykey Sidley y Simon Dingle argumentan que DeFi, que permite que se realicen todo tipo de transacciones financieras directamente, de persona a persona, sin la participación de instituciones financieras, rediseñará los engranajes y las ruedas de los motores de confianza, y hacer que el notable aumento de Bitcoin parezca pintoresco en comparación. Interrumpirá y desplazará a empresas excelentes y respetables, si no a industrias enteras. Sidley y Dingle explican cómo funciona DeFi, presentan a las organizaciones e individuos que componen la nueva industria e identifican a los posibles ganadores y perdedores en la próxima revolución. | |
| 541 | _cCompra | ||
| 650 | 4 |
_amoneda _928095 |
|
| 650 | 4 |
_anuevas tecnologías _930788 |
|
| 650 | 4 |
_atecnología de la información _930104 |
|
| 650 | 4 |
_amercado financiero _928150 |
|
| 650 | 4 |
_abanco _928104 |
|
| 650 | 4 |
_aactividad bancaria _928105 |
|
| 650 | 4 |
_adescentralización _927218 |
|
| 650 | 4 |
_aevaluación del impacto _930732 |
|
| 650 | 4 |
_apolítica financiera _928124 |
|
| 650 | 4 |
_apolítica monetaria _928101 |
|
| 650 | 4 |
_apolítica crediticia _928109 |
|
| 650 | 4 |
_areforma monetaria internacional _928165 |
|
| 650 | 4 |
_amecanismo de control _929918 |
|
| 653 | 1 | 0 | _aFinanciación |
| 700 | 1 |
_940653 _aDingle, Simon |
|
| 902 | _aLIB Libro | ||
| 942 |
_2CES _cBK _h0.0. |
||
| 999 |
_c52705 _d52705 |
||